00607nam a2200181 i 450000100060000000300090000600500170001500700030003200800410003510000330007624500610010926000380017030000300020871000180023885200310025699900170028795201210030480113ES-MaACL20230906174131.0t|041026s1974 sp ||||1| spa d1 aHibbert, Christopher.96354210aMussolini / cChristopher Hibbert ; [traductor: Diorki]. a[Madrid : bSan Martín, c1974] a157 p. : bil. ; c21 cm.2 aDiorki.93392 aES-MaACLjE-6651 bR.91186 c80113d80113 00104070aATENEOMbATENEOMcDEPO2d2008-01-17eSCl0oE-6651p1083762r2023-02-23 00:00:00w2023-02-23yMONOGRAFIA